000 00855nam a22003017a 4500
001 BR8704336
003 BR-BrBNA
005 20230928092702.0
007 ta
008 230509b bl.||||| |||| 00| 0 por d
040 _aBR-BrBNA
_bpor
_cBiblioteca Nacional de Agricultura
041 _a(Por)
072 _aF01
_b/G514
090 _ F01 BR8704336
100 1 _aMachado, J.M. de O.
110 1 _aComissao Estadual de Planejamento Agricola, Cuiaba, MT (Brasil)
_92045
245 1 _aSituacao atual das culturas perenes em Mato Grosso
260 3 _aCuiaba, MT (Brasil):
_c[nd].
300 _a29 p.
500 _a5 tables; Published after 1977
650 _aPRODUCAO VEGETAL
650 _aCOMERCIALIZACAO
650 _aCREDITO
650 _aPOLITICA AGRICOLA
650 _aMATO GROSSO
909 _a202309
_bLucia
_c55
_dLucia Elande
942 _cBK
999 _c40596
_d40596